Al-Ula International Destinations (Al Ula, Saudi Arabia) - Statistics

General Stats
  • This quiz has been taken 32 times
    17 since last reset
  • The average score is 7 of 8
Answer Stats
Airline Destination % Correct
Royal Jordanian Amman (Queen Alia)
100%
Qatar Airways Doha
100%
flydubai/flynas Dubai (International)
100%
flynas/Saudia Jeddah
100%
flynas/Saudia Riyadh
100%
flynas Dammam
85%
flynas/Gulf Air Bahrain
77%
flynas Kuwait City
77%
No matching quizzes found
Score Distribution
Percent of People with Each Score
Percentile by Number Answered
Your Score History
You have not taken this quiz since the last reset